Supriyo v union of INDIA (2023): Interpretive failures and limits of anti-discrimination guarantee in INDIA (Record no. 533182)
[ view plain ]
| 000 -LEADER | |
|---|---|
| fixed length control field | 01170nam a22001337a 4500 |
| 008 - FIXED-LENGTH DATA ELEMENTS--GENERAL INFORMATION | |
| fixed length control field | 260428b ||||| |||| 00| 0 eng d |
| 100 ## - MAIN ENTRY--PERSONAL NAME | |
| Personal name | Prasoon, Satya and Singh, Shilpi |
| 245 ## - TITLE STATEMENT | |
| Title | Supriyo v union of INDIA (2023): Interpretive failures and limits of anti-discrimination guarantee in INDIA |
| 260 ## - PUBLICATION, DISTRIBUTION, ETC. (IMPRINT) | |
| Place of publication, distribution, etc | Economic & Political Weekly |
| 300 ## - PHYSICAL DESCRIPTION | |
| Extent | 61(12), Mar 21, 2026: p.14-17 |
| 520 ## - SUMMARY, ETC. | |
| Summary, etc | The Court’s judgment in Supriyo v Union of India (2023), especially after the ruling in Navtej Johar v Union of India (2018), fails to uphold the baseline of a decent society with dignity for queers. By mis-framing the issue, misapplying precedents and deferring to majoritarian heteronormative morality, the Court reinforced institutional humiliation. The Court’s stand on protecting homosexual identity but only as long as it is not openly performed reduces homosexuals to a suspect category, compelling them to take on practices of covering their identity, limiting their experience as full citizens. –Reproduced https://www.epw.in/journal/2026/12/commentary/supriyo-v-union-india-2023.html |
| 773 ## - HOST ITEM ENTRY | |
| Main entry heading | Economic & Political Weekly |
| 942 ## - ADDED ENTRY ELEMENTS (KOHA) | |
| Item type | Articles |
| Withdrawn status | Lost status | Source of classification or shelving scheme | Damaged status | Not for loan | Permanent location | Current location | Date acquired | Serial Enumeration / chronology | Barcode | Date last seen | Koha item type |
|---|---|---|---|---|---|---|---|---|---|---|---|
| Indian Institute of Public Administration | Indian Institute of Public Administration | 2026-04-28 | 61(12), Mar 21, 2026: p.14-17 | AR138694 | 2026-04-28 | Articles |
